Nuclear disarmament: a crucial issue for the survival of makind (Record no. 477432)

000 -LEADER
fixed length control field 00382cam a22001217a 4500
008 - FIXED-LENGTH DATA ELEMENTS--GENERAL INFORMATION
fixed length control field 180718b1984 xxu||||| |||| 00| 0 eng d
082 ## - DEWEY DECIMAL CLASSIFICATION NUMBER
Classification number D711 R549
100 ## - MAIN ENTRY--PERSONAL NAME
Personal name Robes, A.G.
245 ## - TITLE STATEMENT
Title Nuclear disarmament: a crucial issue for the survival of makind
Statement of responsibility, etc. by A.G. Robes
260 ## - PUBLICATION, DISTRIBUTION, ETC.
Place of publication, distribution, etc. Delhi
Name of publisher, distributor, etc. Indian Council for Cultural Relations
Date of publication, distribution, etc. 1984
300 ## - PHYSICAL DESCRIPTION
Extent 32p.
650 ## - SUBJECT ADDED ENTRY--TOPICAL TERM
Topical term or geographic name entry element Nuclear disarmament
Holdings
Withdrawn status Lost status Damaged status Not for loan Permanent Location Current Location Date acquired Full call number Barcode Date last seen Price effective from Koha item type
        Indian Institute of Public Administration Indian Institute of Public Administration 2018-08-04 D711 R549 GR11690 2018-08-04 2018-08-04 GR

Powered by Koha